Quyền tham gia trưng cầu ý dân trong dự thảo hiến pháp sửa đổi /

Spremljeno u:
Bibliografski detalji
Glavni autor: Trương Hồng Quang.
Format: Članak
Jezik:Vietnamese
Teme:
Oznake: Dodaj oznaku
Bez oznaka, Budi prvi tko označuje ovaj zapis!
Thư viện lưu trữ: Thư viện Trường Đại học Đà Lạt
LEADER 00797nam a2200265 4500
001 DLU140164606
005 ##20141006
040 # # |a DLU  |b vie 
041 # # |a vie 
044 # # |a vn 
100 # # |a Trương Hồng Quang. 
245 # # |a Quyền tham gia trưng cầu ý dân trong dự thảo hiến pháp sửa đổi /  |c Trương Hồng Quang. 
653 # # |a Nhân dân 
653 # # |a Quyền tham gia 
653 # # |a Thực hiện dân chủ 
773 # # |t Nhà nước và pháp luật   |g Số2(298), 2013, tr. 11-13 
920 # # |a Phòng Tạp chí -- Trung tâm Thông tin - Thư viện Trường Đại học Đà Lạt 
994 # # |a DLU 
900 # # |a True 
911 # # |a Nguyễn Thị Mai Anh 
925 # # |a G 
926 # # |a A 
927 # # |a BB 
980 # # |a Thư viện Trường Đại học Đà Lạt